Catálogo
 En Linea

Aguas negras / (Registro nro. 19451)

Detalles MARC
000 -CABECERA
campo de control de longitud fija 00681nam a2200229 a 4500
001 - NÚMERO DE CONTROL
campo de control 000019938
003 - IDENTIFICADOR DEL NÚMERO DE CONTROL
campo de control OSt
005 - FECHA Y HORA DE LA ÚLTIMA TRANSACCIÓN
campo de control 20201001111148.0
008 - DATOS DE LONGITUD FIJA--INFORMACIÓN GENERAL
campo de control de longitud fija 100709s1970 ve r 000 p spa d
040 ## - FUENTE DE LA CATALOGACIÓN
Centro catalogador/agencia de origen DO-SdBNP
Lengua de catalogación spa
Centro/agencia transcriptor BNPHU
082 ## - NÚMERO DE LA CLASIFICACIÓN DECIMAL DEWEY
Número de clasificación V861.44
Número de documento/Ítem Q4a
100 1# - ENTRADA PRINCIPAL--NOMBRE DE PERSONA
Nombre de persona Querales, Ramón
9 (RLIN) 42519
245 10 - MENCIÓN DE TÍTULO
Título Aguas negras /
Mención de responsabilidad, etc. Ramón Querales.
260 ## - PUBLICACIÓN, DISTRIBUCIÓN, ETC.
Lugar de publicación, distribución, etc. Caracas, Venezuela :
Nombre del editor, distribuidor, etc. Monte Avila Editores,
Fecha de publicación, distribución, etc. 1970.
300 ## - DESCRIPCIÓN FÍSICA
Extensión 61 p. ;
Dimensiones 20 cm.
500 ## - NOTA GENERAL
Nota general Incluye referencia biográfica del autor en la contracubierta.
590 ## - NOTA LOCAL (RLIN)
Nota local Inventariado, 2019/ YL
650 #4 - PUNTO DE ACCESO ADICIONAL DE MATERIA--TÉRMINO DE MATERIA
Término de materia o nombre geográfico como elemento de entrada Poesía venezolana
9 (RLIN) 4230
650 #4 - PUNTO DE ACCESO ADICIONAL DE MATERIA--TÉRMINO DE MATERIA
Término de materia o nombre geográfico como elemento de entrada Literatura venezolana
9 (RLIN) 3816
942 ## - ELEMENTOS DE PUNTO DE ACCESO ADICIONAL (KOHA)
Fuente del sistema de clasificación o colocación Dewey Decimal Classification
Tipo de ítem Koha Libros y folletos
956 ## - LOCALIZACIÓN Y ACCESO ELECTRÓNICOS LOCAL (OCLC)
Nombre del host LOPEREZ
Existencias
Estado de retiro Estado de pérdida Restricciones de uso No para préstamo Código de colección Localización permanente Ubicación/localización actual Ubicación en estantería Fecha de adquisición Número de inventario Total de préstamos Signatura topográfica completa Código de barras Fecha visto por última vez Precio válido a partir de Tipo de ítem Koha Fuente del sistema de clasificación o colocación Número de copia
        Monografías: Libros y Folletos General General En catalogación 09.07.2010 LF1   V861.44 Q4a 19938-10 25.06.2020 25.06.2020 Préstamo en sala    
  Extraviado   Préstamo restrigido Monografías: Libros y Folletos General General En catalogación 09.02.2011 LF1   V861.44 Q4a 19938-20 25.06.2020 25.06.2020 Préstamo en sala Dewey Decimal Classification e.2
  Extraviado   Excluido de préstamo Monografías: Libros y Folletos General General Extraviado 11.04.2017 LF1   V861.44 Q4a 19938-30 25.06.2020 25.06.2020 No se presta   e. 3

Con tecnología Koha